Welcome to the Holygrace Academy Library

Please use search bar below to get started

FAMOUS FIVE-5 ON A SECRET TRAIL (Record no. 8885)

MARC details
000 -LEADER
fixed length control field 00353nam a22001097a 4500
082 ## - DEWEY DECIMAL CLASSIFICATION NUMBER
Classification number 823
Item number BLY/F
100 ## - MAIN ENTRY--AUTHOR NAME
Personal name BLYTON, ENID
245 ## - TITLE STATEMENT
Title FAMOUS FIVE-5 ON A SECRET TRAIL
Remainder of title FAMOUS FIVE-5 ON A SECRET TRAIL
Statement of responsibility, etc FAMOUS FIVE-5 ON A SECRET TRAIL
246 ## - VARYING FORM OF TITLE
Title proper/short title FAMOUS FIVE-5 ON A SECRET TRAIL
Remainder of title FAMOUS FIVE-5 ON A SECRET TRAIL
650 ## - SUBJECT ADDED ENTRY--TOPICAL TERM
Topical Term ENGLISH STORY
942 ## - ADDED ENTRY ELEMENTS (KOHA)
Koha item type Books
Holdings
Withdrawn status Lost status Collection code Home library Current library Date acquired Full call number Accession Number Koha item type
  Lost Fiction Main Library Main Library 08/08/2024 823 BLY/F 00094 Books